[Event "V. Dvorkovich Cup 2015 juniors"]
[Site "Moscow"]
[Date "2015.06.26"]
[Round "4.12"]
[White "Hu CHN, Yu A."]
[Black "Varshini IND, V"]
[Result "1/2-1/2"]
[LiveChessVersion "1.4.4"]
[BlackElo "2126"]
[WhiteElo "1950"]

1. e4 {[%clk 1:30:52]} c5 {[%clk 1:30:49]} 2. Nf3 {[%clk 1:31:11]} d6
{[%clk 1:31:08]} 3. d4 {[%clk 1:31:23]} cxd4 {[%clk 1:31:36]} 4. Nxd4
{[%clk 1:31:44]} Nf6 {[%clk 1:32:03]} 5. Nc3 {[%clk 1:32:01]} a6 {[%clk 1:32:32]}
6. Be3 {[%clk 1:32:01]} e5 {[%clk 1:32:48]} 7. Nb3 {[%clk 1:31:51]} Be6
{[%clk 1:33:11]} 8. f3 {[%clk 1:31:03]} Be7 {[%clk 1:33:21]} 9. Qd2
{[%clk 1:30:40]} O-O {[%clk 1:33:33]} 10. g4 {[%clk 1:29:16]} Nbd7
{[%clk 1:32:09]} 11. g5 {[%clk 1:25:22]} Nh5 {[%clk 1:29:48]} 12. O-O-O
{[%clk 1:25:28]} b5 {[%clk 1:30:06]} 13. Nd5 {[%clk 1:25:29]} Bxd5
{[%clk 1:29:15]} 14. exd5 {[%clk 1:25:02]} f5 {[%clk 1:26:57]} 15. gxf6
{[%clk 1:24:48]} Bxf6 {[%clk 1:27:17]} 16. Rg1 {[%clk 1:19:59]} Nf4
{[%clk 1:06:18]} 17. Kb1 {[%clk 1:03:04]} Nb6 {[%clk 0:50:48]} 18. Bxf4
{[%clk 1:01:05]} exf4 {[%clk 0:51:07]} 19. Nd4 {[%clk 1:01:10]} Na4
{[%clk 0:34:04]} 20. Rg4 {[%clk 0:37:48]} Bxd4 {[%clk 0:26:51]} 21. Qxd4
{[%clk 0:38:11]} Qf6 {[%clk 0:27:17]} 22. Qxf6 {[%clk 0:32:07]} Rxf6
{[%clk 0:27:45]} 23. Re1 {[%clk 0:32:27]} Ra7 {[%clk 0:17:13]} 24. c4
{[%clk 0:10:03]} b4 {[%clk 0:13:17]} 25. Re8+ {[%clk 0:06:23]} Rf8
{[%clk 0:08:16]} 26. Rxf8+ {[%clk 0:06:46]} Kxf8 {[%clk 0:08:45]} 27. Rxf4+
{[%clk 0:07:15]} Rf7 {[%clk 0:09:14]} 28. Rxf7+ {[%clk 0:05:28]} Kxf7
{[%clk 0:09:38]} 29. Kc2 {[%clk 0:05:52]} Nc5 {[%clk 0:08:27]} 30. a3
{[%clk 0:03:33]} a5 {[%clk 0:08:49]} 31. axb4 {[%clk 0:03:19]} axb4
{[%clk 0:09:18]} 32. Bd3 {[%clk 0:02:34]} g6 {[%clk 0:07:15]} 33. Kd2
{[%clk 0:01:24]} Kf6 {[%clk 0:05:47]} 34. f4 {[%clk 0:01:43]} h6 {[%clk 0:05:49]}
35. h4 {[%clk 0:01:18]} 1/2-1/2

[Event "V. Dvorkovich Cup 2015 juniors"]
[Site "Moscow"]
[Date "2015.06.26"]
[Round "4.13"]
[White "Oparin Dv.PRL, Grigoriy"]
[Black "Beks LAT, Edmunds"]
[Result "1/2-1/2"]
[LiveChessVersion "1.4.4"]
[BlackElo "2043"]
[WhiteElo "2571"]

1. d4 {[%clk 1:30:57]} d5 {[%clk 1:30:54]} 2. c4 {[%clk 1:31:23]} dxc4
{[%clk 1:31:21]} 3. Nf3 {[%clk 1:31:45]} Nf6 {[%clk 1:31:21]} 4. e3
{[%clk 1:32:10]} a6 {[%clk 1:31:36]} 5. Bxc4 {[%clk 1:32:31]} e6 {[%clk 1:32:02]}
6. O-O {[%clk 1:32:56]} b5 {[%clk 1:32:28]} 7. Be2 {[%clk 1:27:24]} Nbd7
{[%clk 1:32:05]} 8. a4 {[%clk 1:26:32]} b4 {[%clk 1:32:24]} 9. b3
{[%clk 1:21:25]} Bb7 {[%clk 1:32:23]} 10. Bb2 {[%clk 1:21:35]} Be7
{[%clk 1:32:25]} 11. Nbd2 {[%clk 1:21:28]} c5 {[%clk 1:32:43]} 12. a5
{[%clk 1:11:56]} Rc8 {[%clk 1:32:00]} 13. Bc4 {[%clk 1:00:44]} cxd4
{[%clk 1:30:58]} 14. Bxd4 {[%clk 1:00:34]} Bc5 {[%clk 1:29:23]} 15. Qe2
{[%clk 0:59:10]} Ra8 {[%clk 1:29:44]} 16. Bb2 {[%clk 0:41:08]} O-O
{[%clk 1:29:13]} 17. Rfd1 {[%clk 0:39:12]} Qe7 {[%clk 1:29:28]} 18. Rac1
{[%clk 0:28:17]} Rfd8 {[%clk 1:29:06]} 19. Bd3 {[%clk 0:27:21]} Nd5
{[%clk 1:18:38]} 20. Ne4 {[%clk 0:21:00]} f6 {[%clk 1:16:32]} 21. Nxc5
{[%clk 0:20:14]} Nxc5 {[%clk 1:16:39]} 22. Bxh7+ {[%clk 0:19:36]} Kxh7
{[%clk 1:16:29]} 23. Qc2+ {[%clk 0:20:01]} Kg8 {[%clk 1:16:43]} 24. Qxc5
{[%clk 0:20:22]} Qxc5 {[%clk 1:15:21]} 25. Rxc5 {[%clk 0:20:51]} Nf4
{[%clk 1:12:55]} 26. Rxd8+ {[%clk 0:10:26]} Rxd8 {[%clk 1:13:17]} 27. Bd4
{[%clk 0:10:36]} Ne2+ {[%clk 1:09:21]} 28. Kf1 {[%clk 0:11:02]} Bxf3
{[%clk 1:09:45]} 29. gxf3 {[%clk 0:11:28]} Nxd4 {[%clk 1:10:09]} 30. exd4
{[%clk 0:11:54]} Rxd4 {[%clk 1:10:27]} 31. Rc6 {[%clk 0:06:45]} Rd3
{[%clk 1:10:41]} 32. Ke2 {[%clk 0:06:18]} Rxb3 {[%clk 1:10:48]} 33. Rxe6
{[%clk 0:06:29]} Ra3 {[%clk 1:07:24]} 34. Rxa6 {[%clk 0:06:53]} b3
{[%clk 1:07:44]} 35. Ra8+ {[%clk 0:06:38]} Kh7 {[%clk 1:07:59]} 36. a6
{[%clk 0:07:00]} b2 {[%clk 1:08:12]} 37. Rb8 {[%clk 0:07:26]} Rxa6
{[%clk 1:02:45]} 38. Rxb2 {[%clk 0:07:52]} Ra4 {[%clk 1:02:22]} 39. Kf1
{[%clk 0:08:15]} g5 {[%clk 0:58:45]} 40. Kg2 {[%clk 0:38:29]} f5 {[%clk 1:25:43]}
41. Rb6 {[%clk 0:38:38]} Kg7 {[%clk 1:25:59]} 42. Kg3 {[%clk 0:38:54]} Rc4
{[%clk 1:26:12]} 43. Ra6 {[%clk 0:38:12]} 1/2-1/2

[Event "V. Dvorkovich Cup 2015 juniors"]
[Site "Moscow"]
[Date "2015.06.26"]
[Round "4.14"]
[White "Tokranovs LAT, Dmitrijs"]
[Black "Antipov Dv.PRL, Mikhail Al."]
[Result "1/2-1/2"]
[LiveChessVersion "1.4.4"]
[BlackElo "2523"]
[WhiteElo "2192"]

1. e4 {[%clk 1:30:59]} e5 {[%clk 1:30:54]} 2. Nf3 {[%clk 1:31:24]} Nc6
{[%clk 1:31:18]} 3. Bc4 {[%clk 1:31:48]} Nf6 {[%clk 1:31:42]} 4. Nc3
{[%clk 1:29:42]} Bc5 {[%clk 1:28:10]} 5. d3 {[%clk 1:26:08]} h6 {[%clk 1:27:04]}
6. Be3 {[%clk 1:25:01]} Bxe3 {[%clk 1:21:53]} 7. fxe3 {[%clk 1:25:23]} d6
{[%clk 1:22:20]} 8. a3 {[%clk 1:23:31]} Be6 {[%clk 1:11:53]} 9. Bxe6
{[%clk 1:20:37]} fxe6 {[%clk 1:12:18]} 10. Qd2 {[%clk 1:20:04]} d5
{[%clk 1:02:05]} 11. exd5 {[%clk 1:18:01]} exd5 {[%clk 1:02:23]} 12. O-O-O
{[%clk 1:18:25]} O-O {[%clk 1:00:10]} 13. h3 {[%clk 1:13:02]} Qd7
{[%clk 0:53:08]} 14. d4 {[%clk 1:12:08]} exd4 {[%clk 0:52:43]} 15. exd4
{[%clk 1:12:03]} Rae8 {[%clk 0:48:55]} 16. Rhe1 {[%clk 1:06:25]} Ne4
{[%clk 0:48:55]} 17. Nxe4 {[%clk 1:05:02]} dxe4 {[%clk 0:49:19]} 18. Nh2
{[%clk 1:05:12]} Qd5 {[%clk 0:29:15]} 19. Kb1 {[%clk 0:55:11]} Rd8
{[%clk 0:27:38]} 20. Qe2 {[%clk 0:52:56]} Rfe8 {[%clk 0:26:06]} 21. c4
{[%clk 0:53:02]} Qd6 {[%clk 0:26:25]} 22. d5 {[%clk 0:52:40]} Qxh2
{[%clk 0:24:10]} 23. dxc6 {[%clk 0:53:03]} Rxd1+ {[%clk 0:24:03]} 24. Qxd1
{[%clk 0:53:29]} bxc6 {[%clk 0:24:16]} 25. Qd7 {[%clk 0:52:56]} Qe5
{[%clk 0:19:24]} 26. Qxc6 {[%clk 0:53:20]} Kh7 {[%clk 0:18:28]} 27. Re2
{[%clk 0:50:12]} Re7 {[%clk 0:15:14]} 28. Kc2 {[%clk 0:49:35]} Qf5
{[%clk 0:15:11]} 29. Qd5 {[%clk 0:48:57]} Qf1 {[%clk 0:14:10]} 30. Qd2
{[%clk 0:47:27]} c5 {[%clk 0:11:24]} 31. Qe3 {[%clk 0:47:12]} Qf7
{[%clk 0:06:29]} 32. Qxc5 {[%clk 0:44:20]} Rc7 {[%clk 0:06:53]} 33. Rf2
{[%clk 0:44:46]} 1/2-1/2

[Event "V. Dvorkovich Cup 2015 juniors"]
[Site "Moscow"]
[Date "2015.06.26"]
[Round "4.15"]
[White "Golubov Dv.PRL, Saveliy"]
[Black "Golubeva LAT, Marija"]
[Result "1-0"]
[LiveChessVersion "1.4.4"]
[BlackElo "1775"]
[WhiteElo "2433"]

1. Nf3 {[%clk 1:30:57]} Nf6 {[%clk 1:26:17]} 2. g3 {[%clk 1:31:09]} d5
{[%clk 1:25:54]} 3. Bg2 {[%clk 1:31:31]} g6 {[%clk 1:24:50]} 4. O-O
{[%clk 1:31:34]} Bg7 {[%clk 1:24:36]} 5. d3 {[%clk 1:31:47]} O-O {[%clk 1:24:29]}
6. Nbd2 {[%clk 1:32:04]} c6 {[%clk 1:22:22]} 7. e4 {[%clk 1:31:56]} dxe4
{[%clk 1:20:44]} 8. dxe4 {[%clk 1:32:01]} Nbd7 {[%clk 1:19:24]} 9. e5
{[%clk 1:29:51]} Nd5 {[%clk 1:18:57]} 10. e6 {[%clk 1:28:57]} fxe6
{[%clk 1:16:56]} 11. Qe2 {[%clk 1:29:08]} Nc5 {[%clk 1:09:34]} 12. Nc4
{[%clk 1:28:04]} e5 {[%clk 1:03:29]} 13. Ncxe5 {[%clk 1:23:58]} Bf5
{[%clk 0:58:33]} 14. Rd1 {[%clk 1:20:41]} Qc7 {[%clk 0:53:55]} 15. c4
{[%clk 0:57:25]} Nb4 {[%clk 0:43:10]} 16. Bf4 {[%clk 0:54:16]} Ne6
{[%clk 0:31:46]} 17. Nxg6 {[%clk 0:51:39]} Nxf4 {[%clk 0:31:50]} 18. Nxf4
{[%clk 0:51:58]} Bc2 {[%clk 0:28:15]} 19. Ne6 {[%clk 0:48:57]} Bxd1
{[%clk 0:26:21]} 20. Rxd1 {[%clk 0:49:07]} Qb6 {[%clk 0:22:38]} 21. Nxf8
{[%clk 0:48:05]} Rxf8 {[%clk 0:19:26]} 22. Ng5 {[%clk 0:44:52]} Bf6
{[%clk 0:06:54]} 23. Ne6 {[%clk 0:44:42]} Ra8 {[%clk 0:04:59]} 24. Be4
{[%clk 0:44:56]} Qa5 {[%clk 0:02:34]} 25. Qg4+ {[%clk 0:44:22]} Kh8
{[%clk 0:00:36]} 26. Qh3 {[%clk 0:44:45]} h5 {[%clk 0:00:54]} 27. Rd5
{[%clk 0:44:59]} 1-0

[Event "V. Dvorkovich Cup 2015 juniors"]
[Site "Moscow"]
[Date "2015.06.26"]
[Round "4.16"]
[White "Limanovska LAT, Elizabete"]
[Black "Paramzina Dv.PRL, Anastasya"]
[Result "0-1"]
[LiveChessVersion "1.4.4"]
[BlackElo "2328"]
[WhiteElo "1978"]

1. e4 {[%clk 1:30:59]} c5 {[%clk 1:30:51]} 2. Nf3 {[%clk 1:31:25]} d6
{[%clk 1:31:16]} 3. d4 {[%clk 1:31:52]} cxd4 {[%clk 1:31:37]} 4. Nxd4
{[%clk 1:32:18]} Nf6 {[%clk 1:32:00]} 5. Nc3 {[%clk 1:32:44]} a6 {[%clk 1:32:22]}
6. Be3 {[%clk 1:33:10]} e6 {[%clk 1:32:45]} 7. f3 {[%clk 1:33:14]} Nbd7
{[%clk 1:32:27]} 8. Qd2 {[%clk 1:32:41]} b5 {[%clk 1:32:10]} 9. O-O-O
{[%clk 1:32:22]} h5 {[%clk 1:29:54]} 10. Qf2 {[%clk 1:23:02]} Bb7
{[%clk 1:29:30]} 11. Kb1 {[%clk 1:21:51]} Rc8 {[%clk 1:28:26]} 12. Bd3
{[%clk 1:14:58]} Be7 {[%clk 1:23:10]} 13. h3 {[%clk 1:09:01]} Rxc3
{[%clk 1:15:22]} 14. bxc3 {[%clk 1:09:24]} Qc7 {[%clk 1:15:15]} 15. Bc1
{[%clk 0:52:35]} d5 {[%clk 1:09:03]} 16. Nb3 {[%clk 0:33:07]} O-O
{[%clk 1:05:08]} 17. Rde1 {[%clk 0:26:30]} dxe4 {[%clk 0:54:49]} 18. fxe4
{[%clk 0:26:22]} a5 {[%clk 0:52:52]} 19. Nd2 {[%clk 0:20:22]} Bd6
{[%clk 0:46:05]} 20. Qe3 {[%clk 0:17:51]} Bf4 {[%clk 0:45:50]} 21. Qf3
{[%clk 0:15:38]} Be5 {[%clk 0:45:08]} 22. Bxb5 {[%clk 0:09:11]} Bxc3
{[%clk 0:43:04]} 23. a4 {[%clk 0:08:45]} Rc8 {[%clk 0:41:01]} 24. Qe2
{[%clk 0:05:54]} Qd6 {[%clk 0:37:23]} 25. Rd1 {[%clk 0:04:17]} Qb4+
{[%clk 0:37:28]} 26. Nb3 {[%clk 0:04:22]} Bxe4 {[%clk 0:36:24]} 27. Ka2
{[%clk 0:01:58]} Bd5 {[%clk 0:33:17]} 28. Ba3 {[%clk 0:02:09]} Qf4
{[%clk 0:30:59]} 29. Rhf1 {[%clk 0:01:26]} Qc7 {[%clk 0:31:20]} 30. Bxd7
{[%clk 0:00:43]} Nxd7 {[%clk 0:27:50]} 31. Qxh5 {[%clk 0:00:59]} Nf6
{[%clk 0:26:44]} 32. Qg5 {[%clk 0:00:40]} Be5 {[%clk 0:25:19]} 33. Qd2
{[%clk 0:00:32]} Ne4 {[%clk 0:25:23]} 0-1

[Event "V. Dvorkovich Cup 2015 juniors"]
[Site "Moscow"]
[Date "2015.06.27"]
[Round "5.1"]
[White "Beks LAT, Edmunds"]
[Black "Sibashvili GEO, Giorgi"]
[Result "0-1"]
[LiveChessVersion "1.4.4"]
[BlackElo "2388"]
[WhiteElo "2043"]

1. e4 {[%clk 1:30:58]} e6 {[%clk 1:30:51]} 2. d4 {[%clk 1:31:23]} d5
{[%clk 1:31:16]} 3. Nd2 {[%clk 1:31:49]} Nf6 {[%clk 1:29:26]} 4. e5
{[%clk 1:32:06]} Nfd7 {[%clk 1:29:52]} 5. Bd3 {[%clk 1:31:36]} c5
{[%clk 1:29:39]} 6. c3 {[%clk 1:32:03]} b6 {[%clk 1:30:01]} 7. f4
{[%clk 1:26:27]} Ba6 {[%clk 1:29:46]} 8. Bxa6 {[%clk 1:26:01]} Nxa6
{[%clk 1:30:11]} 9. Ndf3 {[%clk 1:25:46]} Be7 {[%clk 1:29:28]} 10. Ne2
{[%clk 1:24:19]} O-O {[%clk 1:22:27]} 11. O-O {[%clk 1:24:27]} Nc7
{[%clk 1:15:04]} 12. g4 {[%clk 1:17:31]} f6 {[%clk 1:10:28]} 13. Ng3
{[%clk 1:07:47]} fxe5 {[%clk 1:04:56]} 14. fxe5 {[%clk 1:05:34]} b5
{[%clk 1:00:53]} 15. Be3 {[%clk 1:03:11]} a5 {[%clk 0:47:26]} 16. g5
{[%clk 0:56:14]} b4 {[%clk 0:42:23]} 17. h4 {[%clk 0:52:56]} bxc3
{[%clk 0:35:19]} 18. bxc3 {[%clk 0:53:05]} cxd4 {[%clk 0:34:58]} 19. cxd4
{[%clk 0:53:20]} Nb6 {[%clk 0:35:06]} 20. Qd3 {[%clk 0:50:33]} Qd7
{[%clk 0:29:46]} 21. Nd2 {[%clk 0:35:28]} Bb4 {[%clk 0:21:10]} 22. g6
{[%clk 0:26:23]} h6 {[%clk 0:18:48]} 23. Nh5 {[%clk 0:26:15]} Qb5
{[%clk 0:15:21]} 24. Qxb5 {[%clk 0:17:03]} Nxb5 {[%clk 0:15:49]} 25. Nf3
{[%clk 0:14:26]} Nc4 {[%clk 0:14:29]} 26. Kf2 {[%clk 0:14:50]} Bd2
{[%clk 0:12:45]} 0-1

[Event "V. Dvorkovich Cup 2015 juniors"]
[Site "Moscow"]
[Date "2015.06.27"]
[Round "5.2"]
[White "Tutisani GEO, Noe"]
[Black "Tokranovs LAT, Dmitrijs"]
[Result "1-0"]
[LiveChessVersion "1.4.4"]
[BlackElo "2192"]
[WhiteElo "2300"]

1. e4 {[%clk 1:30:57]} d5 {[%clk 1:30:54]} 2. exd5 {[%clk 1:31:21]} Nf6
{[%clk 1:31:21]} 3. d4 {[%clk 1:31:45]} Nxd5 {[%clk 1:31:47]} 4. c4
{[%clk 1:32:11]} Nb6 {[%clk 1:32:13]} 5. Nf3 {[%clk 1:32:36]} g6 {[%clk 1:32:36]}
6. Nc3 {[%clk 1:33:01]} Bg7 {[%clk 1:33:03]} 7. c5 {[%clk 1:33:26]} Nd5
{[%clk 1:33:30]} 8. Bc4 {[%clk 1:33:52]} c6 {[%clk 1:33:57]} 9. O-O
{[%clk 1:33:40]} O-O {[%clk 1:34:10]} 10. Re1 {[%clk 1:34:01]} h6
{[%clk 1:28:07]} 11. Ne5 {[%clk 1:24:42]} Nxc3 {[%clk 1:24:29]} 12. bxc3
{[%clk 1:23:13]} e6 {[%clk 1:24:45]} 13. Qf3 {[%clk 1:18:33]} Nd7
{[%clk 1:19:18]} 14. Ng4 {[%clk 1:16:10]} Kh7 {[%clk 1:18:05]} 15. Bf4
{[%clk 0:56:01]} h5 {[%clk 1:07:06]} 16. Ne5 {[%clk 0:51:56]} Nxe5
{[%clk 1:07:05]} 17. Bxe5 {[%clk 0:48:24]} Bxe5 {[%clk 0:56:45]} 18. dxe5
{[%clk 0:47:51]} Qe7 {[%clk 0:56:12]} 19. Qe3 {[%clk 0:43:31]} Rd8
{[%clk 0:53:31]} 20. Rab1 {[%clk 0:42:58]} Rb8 {[%clk 0:53:11]} 21. Rb2
{[%clk 0:42:31]} Kg7 {[%clk 0:44:17]} 22. g3 {[%clk 0:42:41]} Rd7
{[%clk 0:41:23]} 23. h4 {[%clk 0:42:28]} Qd8 {[%clk 0:41:11]} 24. Reb1
{[%clk 0:41:18]} Rd1+ {[%clk 0:22:09]} 25. Rxd1 {[%clk 0:37:30]} Qxd1+
{[%clk 0:22:36]} 26. Kg2 {[%clk 0:37:37]} Qd8 {[%clk 0:22:34]} 27. Rd2
{[%clk 0:36:59]} Qe7 {[%clk 0:21:02]} 28. Qd4 {[%clk 0:37:07]} Kf8
{[%clk 0:13:49]} 29. Qd8+ {[%clk 0:36:11]} Qxd8 {[%clk 0:13:30]} 30. Rxd8+
{[%clk 0:36:37]} Ke7 {[%clk 0:13:56]} 31. Rh8 {[%clk 0:37:02]} Ra8
{[%clk 0:14:11]} 32. Kf3 {[%clk 0:36:40]} b6 {[%clk 0:14:18]} 33. Kf4
{[%clk 0:37:01]} Bb7 {[%clk 0:04:34]} 34. Rxa8 {[%clk 0:37:27]} Bxa8
{[%clk 0:05:00]} 35. Kg5 {[%clk 0:37:54]} Bb7 {[%clk 0:04:32]} 36. f3
{[%clk 0:38:21]} Bc8 {[%clk 0:04:45]} 37. g4 {[%clk 0:38:42]} Bd7
{[%clk 0:04:57]} 38. gxh5 {[%clk 0:38:43]} gxh5 {[%clk 0:05:21]} 39. f4
{[%clk 0:38:57]} Be8 {[%clk 0:04:22]} 40. Be2 {[%clk 1:09:01]} bxc5
{[%clk 0:34:36]} 41. Bxh5 {[%clk 1:09:26]} c4 {[%clk 0:34:56]} 42. Be2
{[%clk 1:09:52]} c5 {[%clk 0:35:11]} 43. Bxc4 {[%clk 1:10:01]} Bc6
{[%clk 0:35:37]} 44. Bd3 {[%clk 1:10:29]} c4 {[%clk 0:35:38]} 45. Bxc4
{[%clk 1:10:29]} Be4 {[%clk 0:36:04]} 46. Be2 {[%clk 1:10:53]} a5
{[%clk 0:36:22]} 47. a3 {[%clk 1:11:18]} Bh7 {[%clk 0:36:43]} 48. Bg4
{[%clk 1:11:44]} 1-0

[Event "V. Dvorkovich Cup 2015 juniors"]
[Site "Moscow"]
[Date "2015.06.27"]
[Round "5.3"]
[White "Golubeva LAT, Marija"]
[Black "Ghvamberia GEO, Nika"]
[Result "0-1"]
[LiveChessVersion "1.4.4"]
[BlackElo "2133"]
[WhiteElo "1775"]

1. e4 {[%clk 1:30:58]} c5 {[%clk 1:30:52]} 2. c3 {[%clk 1:31:21]} d5
{[%clk 1:31:09]} 3. exd5 {[%clk 1:31:42]} Qxd5 {[%clk 1:31:35]} 4. d4
{[%clk 1:32:02]} Nf6 {[%clk 1:31:59]} 5. Nf3 {[%clk 1:32:21]} Nc6
{[%clk 1:32:20]} 6. Be2 {[%clk 1:32:31]} cxd4 {[%clk 1:32:38]} 7. cxd4
{[%clk 1:32:47]} e6 {[%clk 1:33:05]} 8. Nc3 {[%clk 1:33:04]} Qd6 {[%clk 1:33:31]}
9. O-O {[%clk 1:32:51]} Be7 {[%clk 1:33:54]} 10. Bg5 {[%clk 1:25:30]} O-O
{[%clk 1:31:10]} 11. Qd2 {[%clk 1:22:02]} Rd8 {[%clk 1:28:15]} 12. Rfd1
{[%clk 1:21:18]} Nd5 {[%clk 1:09:11]} 13. Ne4 {[%clk 1:16:23]} Bxg5
{[%clk 1:07:52]} 14. Nfxg5 {[%clk 1:14:33]} Qe7 {[%clk 1:04:14]} 15. Bh5
{[%clk 1:01:33]} g6 {[%clk 0:54:15]} 16. Bf3 {[%clk 0:58:40]} Qb4
{[%clk 0:29:45]} 17. Rac1 {[%clk 0:46:04]} Qxd2 {[%clk 0:27:30]} 18. Rxd2
{[%clk 0:44:40]} Nce7 {[%clk 0:27:46]} 19. Nc3 {[%clk 0:40:50]} b6
{[%clk 0:24:45]} 20. Nge4 {[%clk 0:39:40]} Kg7 {[%clk 0:22:42]} 21. Nb5
{[%clk 0:35:38]} Ba6 {[%clk 0:21:12]} 22. Ned6 {[%clk 0:30:38]} Rd7
{[%clk 0:21:00]} 23. a3 {[%clk 0:21:53]} Rad8 {[%clk 0:19:58]} 24. Bxd5
{[%clk 0:16:10]} Nxd5 {[%clk 0:20:00]} 25. Rc6 {[%clk 0:14:52]} Kf8
{[%clk 0:19:17]} 26. Rdc2 {[%clk 0:14:14]} Ke7 {[%clk 0:17:53]} 27. Nc8+
{[%clk 0:13:53]} Rxc8 {[%clk 0:18:19]} 28. Rxc8 {[%clk 0:14:17]} Bxb5
{[%clk 0:18:42]} 29. f3 {[%clk 0:13:21]} Rd8 {[%clk 0:18:03]} 30. Kf2
{[%clk 0:13:08]} Ba6 {[%clk 0:18:20]} 31. R8c6 {[%clk 0:13:03]} Kd7
{[%clk 0:18:23]} 32. a4 {[%clk 0:12:29]} Ke8 {[%clk 0:17:18]} 33. Rd2
{[%clk 0:10:48]} Rc8 {[%clk 0:16:13]} 34. Rxc8+ {[%clk 0:10:12]} Bxc8
{[%clk 0:16:42]} 35. h4 {[%clk 0:09:19]} Ba6 {[%clk 0:15:58]} 36. g4
{[%clk 0:09:31]} h6 {[%clk 0:15:31]} 37. Kg3 {[%clk 0:09:19]} Kd7
{[%clk 0:15:51]} 38. f4 {[%clk 0:09:20]} Bc4 {[%clk 0:15:51]} 39. f5
{[%clk 0:09:13]} gxf5 {[%clk 0:15:52]} 40. gxf5 {[%clk 0:39:35]} exf5
{[%clk 0:46:17]} 41. Rf2 {[%clk 0:39:10]} Ke6 {[%clk 0:46:32]} 42. Rf3
{[%clk 0:35:58]} f4+ {[%clk 0:46:44]} 43. Kg2 {[%clk 0:35:06]} Kf5
{[%clk 0:46:56]} 44. b3 {[%clk 0:35:01]} Be2 {[%clk 0:47:05]} 45. Rf2
{[%clk 0:34:41]} f3+ {[%clk 0:47:27]} 46. Kg3 {[%clk 0:34:56]} Nc3 0-1

[Event "V. Dvorkovich Cup 2015 juniors"]
[Site "Moscow"]
[Date "2015.06.27"]
[Round "5.4"]
[White "Khomeriki GEO, Nino"]
[Black "Limanovska LAT, Elizabete"]
[Result "1-0"]
[LiveChessVersion "1.4.4"]
[BlackElo "1978"]
[WhiteElo "2244"]

1. d4 {[%clk 1:30:53]} Nf6 {[%clk 1:30:55]} 2. Nf3 {[%clk 1:31:19]} e6
{[%clk 1:31:13]} 3. e3 {[%clk 1:31:43]} b6 {[%clk 1:31:24]} 4. Bd3
{[%clk 1:32:08]} Bb7 {[%clk 1:31:49]} 5. Nbd2 {[%clk 1:32:27]} d5
{[%clk 1:30:28]} 6. O-O {[%clk 1:32:02]} Be7 {[%clk 1:28:30]} 7. Ne5
{[%clk 1:32:10]} O-O {[%clk 1:27:47]} 8. Qf3 {[%clk 1:30:44]} c5 {[%clk 1:23:46]}
9. c3 {[%clk 1:26:48]} Qc7 {[%clk 1:14:30]} 10. Qh3 {[%clk 1:22:56]} Ba6
{[%clk 1:07:43]} 11. c4 {[%clk 1:17:28]} Nbd7 {[%clk 0:53:19]} 12. Nxd7
{[%clk 1:11:41]} Qxd7 {[%clk 0:53:39]} 13. b3 {[%clk 1:09:38]} cxd4
{[%clk 0:39:34]} 14. Bb2 {[%clk 1:09:48]} dxc4 {[%clk 0:32:19]} 15. Nxc4
{[%clk 1:07:56]} Bxc4 {[%clk 0:27:15]} 16. bxc4 {[%clk 1:08:15]} e5
{[%clk 0:27:02]} 17. Bxh7+ {[%clk 1:08:20]} 1-0

[Event "V. Dvorkovich Cup 2015 juniors"]
[Site "Moscow"]
[Date "2015.06.27"]
[Round "5.5"]
[White "Li CHN, Di"]
[Black "Oparin Dv.PRL, Grigoriy"]
[Result "1/2-1/2"]
[LiveChessVersion "1.4.4"]
[BlackElo "2571"]
[WhiteElo "2281"]

1. Nf3 {[%clk 1:30:52]} Nf6 {[%clk 1:29:44]} 2. c4 {[%clk 1:30:59]} e6
{[%clk 1:25:14]} 3. Nc3 {[%clk 1:31:16]} c5 {[%clk 1:17:20]} 4. g3
{[%clk 1:31:10]} Nc6 {[%clk 1:16:57]} 5. Bg2 {[%clk 1:31:32]} Be7
{[%clk 1:13:25]} 6. O-O {[%clk 1:31:53]} O-O {[%clk 1:13:22]} 7. d4
{[%clk 1:31:38]} cxd4 {[%clk 1:13:44]} 8. Nxd4 {[%clk 1:32:05]} Qa5
{[%clk 1:12:48]} 9. Nb3 {[%clk 1:19:02]} Qh5 {[%clk 1:09:06]} 10. e4
{[%clk 1:13:19]} d6 {[%clk 1:00:18]} 11. Qxh5 {[%clk 1:05:44]} Nxh5
{[%clk 1:00:41]} 12. Rd1 {[%clk 1:04:06]} Rd8 {[%clk 0:54:04]} 13. Be3
{[%clk 0:49:43]} Nf6 {[%clk 0:37:22]} 14. c5 {[%clk 0:40:39]} dxc5
{[%clk 0:35:48]} 15. e5 {[%clk 0:38:33]} Rxd1+ {[%clk 0:27:03]} 16. Rxd1
{[%clk 0:38:57]} Nxe5 {[%clk 0:27:29]} 17. Bxc5 {[%clk 0:37:53]} Bxc5
{[%clk 0:27:54]} 18. Nxc5 {[%clk 0:38:18]} Kf8 {[%clk 0:27:51]} 19. Nb5
{[%clk 0:32:02]} Ke7 {[%clk 0:23:27]} 20. Nd6 {[%clk 0:28:19]} Rb8
{[%clk 0:21:43]} 21. Ncxb7 {[%clk 0:18:46]} Bxb7 {[%clk 0:19:24]} 22. Nxb7
{[%clk 0:17:31]} g5 {[%clk 0:19:26]} 23. b4 {[%clk 0:11:23]} g4 {[%clk 0:18:35]}
24. Rc1 {[%clk 0:10:44]} Nd5 {[%clk 0:11:52]} 25. Bxd5 {[%clk 0:11:09]} exd5
{[%clk 0:12:18]} 26. Rc7+ {[%clk 0:11:35]} Kf6 {[%clk 0:12:44]} 27. Kf1
{[%clk 0:09:23]} Nd3 {[%clk 0:04:52]} 28. Nc5 {[%clk 0:09:38]} Nxc5
{[%clk 0:03:59]} 29. Rxc5 {[%clk 0:10:03]} Rxb4 {[%clk 0:03:59]} 30. Rxd5
{[%clk 0:10:29]} Ra4 {[%clk 0:03:50]} 31. Rd2 {[%clk 0:10:54]} Ke5
{[%clk 0:03:46]} 32. Kg2 {[%clk 0:09:44]} h5 {[%clk 0:03:26]} 33. h3
{[%clk 0:09:47]} Ra3 {[%clk 0:03:15]} 34. hxg4 {[%clk 0:08:48]} hxg4
{[%clk 0:03:43]} 35. Kf1 {[%clk 0:09:09]} f5 {[%clk 0:03:56]} 36. Ke2
{[%clk 0:09:13]} a5 {[%clk 0:03:56]} 37. Rc2 {[%clk 0:08:30]} Kd4
{[%clk 0:04:14]} 38. Rd2+ {[%clk 0:07:40]} Kc4 {[%clk 0:03:45]} 39. Rb2
{[%clk 0:06:04]} Rc3 {[%clk 0:02:41]} 40. Kd2 {[%clk 0:35:48]} Rf3
{[%clk 0:32:42]} 41. Ke2 {[%clk 0:35:09]} a4 {[%clk 0:30:34]} 42. Rc2+
{[%clk 0:21:31]} Kd4 {[%clk 0:29:06]} 43. Rc8 {[%clk 0:20:22]} Rc3
{[%clk 0:25:46]} 44. Rd8+ {[%clk 0:20:38]} Kc4 {[%clk 0:23:41]} 45. Rd2
{[%clk 0:17:59]} Kb4 {[%clk 0:16:49]} 46. Kd1 {[%clk 0:18:23]} Rf3
{[%clk 0:13:20]} 47. Kc2 {[%clk 0:18:24]} Kc4 {[%clk 0:13:44]} 48. Kb2
{[%clk 0:17:39]} Rd3 {[%clk 0:12:53]} 49. Kc2 {[%clk 0:17:27]} Rc3+
{[%clk 0:13:01]} 50. Kb2 {[%clk 0:17:15]} Rf3 {[%clk 0:11:32]} 51. Kc2
{[%clk 0:17:37]} a3 {[%clk 0:10:35]} 52. Kd1 {[%clk 0:17:10]} Kc3
{[%clk 0:10:34]} 53. Rc2+ {[%clk 0:15:45]} Kd3 {[%clk 0:10:59]} 54. Rd2+
{[%clk 0:16:12]} Kc3 {[%clk 0:11:19]} 1/2-1/2